000 01495nam a2200253 a 4500
001 000008141
003 DO-SdBNP
005 20260305073950.0
008 090902s1983 dr 000 0 spa d
040 _aDO-SdBNP
_bspa
_cBNPHU
082 4 _a342.729303
_bR332c
_222
245 0 0 _aReformas a la constitución /
_ceditor Frank Moya Pons.
260 _aSanto Domingo :
_bFORUM,
_c1983.
300 _a113 p. ;
_c22 cm.
490 _aFORUM
_v9
500 _aExposiciones presentadas en el Encuentro sobre Reformas a la Constitución, celebrado por FORUM el viernes 18 de febrero de 1983, en el Hotel Santo Domingo Sur.
505 0 _gPresentación --
_gIntrodución --
_tEl proyecto de Reforma Constitucional sometido a la Asamblea Nacional por el presidente Salvador Jorge Blanco /
_rWenceslao Vega Boyre --
_tPrincipios y teorías para una reforma constitucional /
_rManuel Ramón Morel Cerda --
_tEl control de la Constitucionalidad de las leyes, decretos, resoluciones, reglamentos y actos. Un juicio crítico sobre la propuesta reforma del artículo 67, de la vigente Constitución de la República /
_rJottin Cury --
_tLas instituciones políticas y la Constitución de la República /
_rRamón Tapia Espinal.
590 _aInventariado, 2018/ YL
650 4 _aReformas constitucionales
_zRepública Dominicana
_vCONGRESOS, CONFERENCIAS, ETC.
_916556
700 1 _aMoya Pons, Frank,
_d1944-
_eed.
_92095
830 0 _aFORUM
_v9
_97431
910 _aValidado. Control de calidad EMS
942 _2ddc
_cLBS1
999 _c7918
_d7918